| 000 | 00961nam a22002657a 4500 | ||
|---|---|---|---|
| 005 | 20250407163956.0 | ||
| 008 | 250407b |||||||| |||| 00| 0 eng d | ||
| 020 | _a978-1-032-93456-3 (hbk) | ||
| 037 | _cTB | ||
| 040 |
_aCRL _cCRL |
||
| 041 |
_2eng _aeng |
||
| 084 |
_aW:91:(D65,8).2 R4 _qCRL |
||
| 245 | _aPolitical campaigning in digital India | ||
| 260 |
_aLondon, UK: _bRoutledge, _c2025 |
||
| 300 | _avii,169p. | ||
| 365 |
_b1295.00 _cINR |
||
| 490 | _aRoutledge South Asian history and culture series:, (Editer) Bari Majumdar | ||
| 650 | _aElections India | ||
| 650 |
_aComputer Appliation _9751879 |
||
| 650 | _aPolitical Science | ||
| 700 |
_aVarughese, Anil M. (Edited) _9751880 |
||
| 700 |
_aSemetko, Holli A. (Edited) _9751881 |
||
| 942 |
_2CC _cTB _hW:91:(D65,8).2 R4 _n0 |
||
| 999 |
_c1308490 _d1308490 |
||